Middle Names of US Presidents - Statistics

General Stats
  • This quiz has been taken 138 times
  • The average score is 15 of 20
Answer Stats
Hint Answer % Correct
Franklin Roosevelt Delano
93%
Donald Trump John
93%
John Adams (the 2nd one) Quincy
92%
John Kennedy Fitzgerald
91%
Barack Obama Hussein
86%
George Bush Walker
86%
William Harrison Henry
85%
George Bush Sr. Herbert Walker
84%
Harry Truman S
84%
Lyndon Johnson Baines
78%
Richard Nixon Milhous
78%
Dwight Eisenhower David
76%
Joe Biden Robinette
74%
Bill Clinton Jefferson
72%
Jimmy Carter Earl
65%
Ronald Reagan Wilson
55%
Grover Cleveland (Grover is the middle name, list the first name) Stephen
52%
Gerald Ford Rudolph
51%
Warren Harding Gamaliel
45%
Herbert Hoover Clark
40%
No matching quizzes found
Score Distribution
Percent of People with Each Score
Percentile by Number Answered
Your Score History
You have not taken this quiz